देशभक्ति तथा अन्य कहानियाँ: (Record no. 184789)

MARC details
000 -LEADER
fixed length control field 01482nam a22002057a 4500
005 - DATE AND TIME OF LATEST TRANSACTION
control field 20220913115925.0
010 ## - LCCN (DPL NO)
LC control number B-742242 HIN-21-22
020 ## - INTERNATIONAL STANDARD BOOK NUMBER
International Standard Book Number 9789387632028
Terms of availability 500.00
035 ## - SYSTEM CONTROL NUMBER
System control number B-742242
037 ## - SOURCE OF ACQUISITION
Source of stock number/acquisition एस॰ पी॰ कौशिक इंटरप्राइजेज
082 ## - DEWEY DECIMAL CLASSIFICATION NUMBER
Classification number
245 ## - TITLE STATEMENT
Title देशभक्ति तथा अन्य कहानियाँ:
Remainder of title विश्वंभरनाथ शर्मा कौशिक की श्रेष्ठ कहानियाँ का संकलन/
Statement of responsibility, etc हरनाम शर्मा द्वारा संकलन एव संपादित
250 ## - EDITION STATEMENT
Edition statement 2022
260 ## - PUBLICATION, DISTRIBUTION, ETC. (IMPRINT)
Place of publication, distribution, etc दिल्ली
Name of publisher, distributor, etc एस॰ पी॰ कौशिक इंटरप्राइजेज
Date of publication, distribution, etc 2022
270 ## - ADDRESS
Address ए-49, भू-तल, गली न॰-6, जगतपुरी एक्सटेंशन
City दिल्ली
Postal code 110093
Telephone number 8851515756
Electronic mail address spkaushikenterprises@gmail.com
300 ## - PHYSICAL DESCRIPTION
Extent 175 पृ॰
Dimensions 22 से॰मी॰ (सजिल्द)
700 ## - ADDED ENTRY--PERSONAL NAME
Personal name शर्मा ,हरनाम
942 ## - ADDED ENTRY ELEMENTS (KOHA)
Source of classification or shelving scheme Dewey Decimal Classification
Item type Hindi Books
Call number suffix देशभ
Classification part
Holdings
Withdrawn status Lost status Not for loan Collection code Home library Current library Date acquired Source of acquisition Cost, normal purchase price Full call number Barcode Copy number Cost, replacement price Koha item type
      Fiction Shahdara Branch Shahdara Branch 10/06/2022 एस॰ पी॰ कौशिक इंटरप्रा./1830/24.2.22/143/23.2.22/4.3.22 500.00 क देशभ B-742242 1 500.00 Hindi Books

© Delhi Public Library
Hit Counter
free hit counter